marketi ng for HOSPITALTY AND TORISM . (Record no. 33293)

MARC details
000 -LEADER
fixed length control field 00417nam a22001697a 4500
003 - CONTROL NUMBER IDENTIFIER
control field OSt
005 - DATE AND TIME OF LATEST TRANSACTION
control field 20220321160144.0
008 - FIXED-LENGTH DATA ELEMENTS--GENERAL INFORMATION
fixed length control field 220321b |||||||| |||| 00| 0 eng d
020 ## - INTERNATIONAL STANDARD BOOK NUMBER
International Standard Book Number 9789332518278
040 ## - CATALOGING SOURCE
Transcribing agency HU
082 ## - DEWEY DECIMAL CLASSIFICATION NUMBER
Classification number 338.4791
100 ## - MAIN ENTRY--PERSONAL NAME
Personal name progress
9 (RLIN) 33647
245 ## - TITLE STATEMENT
Title marketi ng for HOSPITALTY AND TORISM .
260 ## - PUBLICATION, DISTRIBUTION, ETC.
Place of publication, distribution, etc. AMERICA
Name of publisher, distributor, etc. NEW DEHIL
Date of publication, distribution, etc. 1990
300 ## - PHYSICAL DESCRIPTION
Extent 629
942 ## - ADDED ENTRY ELEMENTS (KOHA)
Source of classification or shelving scheme Dewey Decimal Classification
Koha item type Books like text book referance book
Suppress in OPAC No
Holdings
Withdrawn status Lost status Source of classification or shelving scheme Damaged status Not for loan Home library Current library Shelving location Date acquired Total Checkouts Full call number Barcode Date last seen Copy number Price effective from Koha item type
    Dewey Decimal Classification     College of Business and Economics Library College of Business and Economics Library General Stacks 03/21/2022   338.4791PRO MBELIB00007616 03/21/2022 1 03/21/2022 Books like text book referance book
    Dewey Decimal Classification     College of Business and Economics Library College of Business and Economics Library General Stacks 03/21/2022   338.4791PRO MBELIB00007619 03/21/2022 2 03/21/2022 Books like text book referance book
    Dewey Decimal Classification     College of Business and Economics Library College of Business and Economics Library General Stacks 03/21/2022   338.4791PRO MBELIB00007620 03/21/2022 3 03/21/2022 Books like text book referance book
    Dewey Decimal Classification     College of Business and Economics Library College of Business and Economics Library General Stacks 03/21/2022   338.4791PRO MBELIB00007632 03/21/2022 4 03/21/2022 Books like text book referance book
    Dewey Decimal Classification     College of Business and Economics Library College of Business and Economics Library General Stacks 03/21/2022   338.4791PRO MBELIB00007633 03/21/2022 5 03/21/2022 Books like text book referance book
    Dewey Decimal Classification     College of Business and Economics Library College of Business and Economics Library General Stacks 03/21/2022   338.4791PRO MBELIB00007634 03/21/2022 6 03/21/2022 Books like text book referance book
    Dewey Decimal Classification     College of Business and Economics Library College of Business and Economics Library General Stacks 03/21/2022   338.4791PRO MBELIB00007635 03/21/2022 7 03/21/2022 Books like text book referance book